[Event "Geneve op 27th"]
[Site "Geneve"]
[Date "2013.01.18"]
[Round "1"]
[White "Cattin, Jean Pierre"]
[Black "Laticevshi, Tiberiu"]
[Result "1-0"]
[WhiteElo "1981"]
[BlackElo "1630"]
[PlyCount "77"]
[EventDate "2013.01.18"]
[EventType "swiss"]
[EventRounds "7"]
[EventCountry "SUI"]
[SourceTitle "EXT 2014"]
[Source "ChessBase"]
[SourceDate "2013.11.20"]
[SourceVersion "1"]
[SourceVersionDate "2013.11.20"]
[SourceQuality "1"]

1. d4 d6 2. Nf3 Nf6 3. c4 g6 4. Nc3 Bg7 5. e4 Nc6 6. Be2 0-0 7. 0-0 e5 8. d5 Ne7 9. Ne1 a5 10. Nd3 Bd7 11. c5 Ne8 12. Be3 f5 13. f3 f4 14. Bf2 g5 15. Qb3 Qc8 16. cxd6 Nxd6 17. Nc5 Rf6 18. Rac1 Kh8 19. Nxd7 Qxd7 20. Nb5 Nxb5 21. Bxb5 c6 22. dxc6 Nxc6 23. Rfd1 Qc7 24. Qa4 h6 25. h3 Rc8 26. Be1 b6 27. Bf2 Qb7 28. Qb3 Na7 29. Bc4 Qb8 30. Bd5 Rxc1 31. Rxc1 Rd6 32. Bc5 Qc8 33. Bf2 Qxc1+ 34. Kh2 Qc7 35. a4 Nc8 36. Qb5 Na7 37. Qe8+ Kh7 38. Bg8+ Kh8 39. Bf7+ 1-0